Inmunología (Registro nro. 29510)
[ vista simple ]
| 000 -CABECERA | |
|---|---|
| Longitud fija campo de control | 00813nam a2200217 a 4500 |
| 003 - • IDENTIFICADOR DELl NÚMERO DE CONTROL | |
| Identificador del número de control | CO-ViMGA |
| 008 - • CÓDIGOS DE INFORMACIÓN DE LONGITUD FIJA | |
| Códigos de información de longitud fija | 141112s2004 ck r 000 u spa d |
| 020 ## - • NÚMERO INTERNACIONAL NORMALIZADO PARA LIBROS | |
| Número Internacional Normalizado para Libros (ISBN) | 9701047109 |
| 040 ## - FUENTE DE LA CATALOGACIÓN | |
| Centro catalogador de origen | CO-ViMGA |
| Lengua de catalogación | spa |
| Centro transcriptor | CO-ViMGA |
| 082 04 - • NÚMERO DE LA CLASIFICACIÓN DECIMAL DEWEY | |
| Número de clasificación (R) | 616.079 G653i |
| 100 1# - • PUNTO DE ACCESO PRINCIPAL-NOMBRE DE PERSONA | |
| Nombre de persona | Goldsby, Richard A.; Kindt, Thomas J.; Osborne, Barbara A. |
| 245 10 - • TITULO PROPIAMENTE DICHO | |
| Título | Inmunología |
| 250 ## - • MENCIÓN DE EDICIÓN | |
| Mención de edición | 5 |
| 300 ## - • DESCRIPCIÓN FÍSICA | |
| Extensión | 665p |
| 505 ## - • NOTA DE CONTENIDO CON FORMATO | |
| Nota de contenido con formato | Generación de respuestas de celulas B y celulas T 61 - - Mecanismos efectores inmunitarios 293 - - El sistema inmunitario enla salud y la enfermedad 411 |
| 590 ## - NOTAS LOCALES | |
| Nota local | Forma de adquisición : Compra fact. 0540 - - Precio : 146000 - - Proveedor : Temas y libros - - Fecha de adquisición : Abril 2006 |
| 650 14 - • PUNTO DE ACCESO ADICIONAL DE MATERIA - TÉRMINO DE MATERIA | |
| Término de materia o nombre geográfico como elemento inicial | INMUNOLOGIA |
| 942 ## - ENTRADA DE ELEMENTOS AGREGADOS (KOHA) | |
| Fuente de clasificaión o esquema | Dewey Decimal Classification |
| Koha [por defecto] tipo de item | LIbro |
| Perdido | Fuente de clasificación o esquema | Estado Físico | No para préstamo | Forma de adquisición | Localización permanente | Localización actual | Fecha adquisición | Serie de enumeración / cronolog&íacute;a | Préstamos totales | Signatura completa | Código de barras | Fecha última consulta | Fecha último préstamo | Número de copia | Fecha del precio de reemplazo | Tipo de item de Koha |
|---|---|---|---|---|---|---|---|---|---|---|---|---|---|---|---|---|
| Dewey Decimal Classification | Sala Especializada Tercer Piso | Biblioteca Pública Germán Arciniegas - Villavicencio | Biblioteca Pública Germán Arciniegas - Villavicencio | 12/04/2015 | Volumen. 1 | 11/jun/2009 | 1 | 616.079 G653i | 20516 | 08/08/2017 | 07/27/2017 | Ej. 1 | 12/04/2015 | LIbro |